00413 a2200145 4500003000400000005001700004008004100021020001800062040000900080082001700089100001900106245011000125260002200235300001000257OSt20230904163321.0230823b |||||||| |||| 00| 0 eng d a9781780521145 coclc a658.3bVER/E1 aVerbeke, Alain aENTREPRENEURSHIP IN THE GLOBAL FIRM bVOL6 / cAlain verbeke, Ana Teresa Tavares Lehmann, Rob Van Tulder aUK:bEIBA,c2011. a360 p